Vývoj neživotného poistenia bakalárska práca

Salvato in:
Dettagli Bibliografici
Autore principale: Stanová, Barbora, 1989-
Ente Autore: Národohospodárska fakulta EU. Katedra poisťovníctva
Altri autori: Serinová, Katarína
Natura: Libro
Lingua:slovacco
Pubblicazione: Bratislava 2009
Tags: Aggiungi Tag
Nessun Tag, puoi essere il primo ad aggiungerne!!

MARC

LEADER 00000nam$a2200000$$$4500
001 0099662
005 20240318130553.1
041 0 |a slo 
044 |a SK 
245 1 0 |a Vývoj neživotného poistenia  |b bakalárska práca  |c Barbora Stanová ; škol. Katarína Serinová 
264 1 |a Bratislava  |c 2009 
300 |a 80 s. 
100 1 |a Stanová, Barbora, 1989- 
700 1 |a Serinová, Katarína 
710 2 |a Národohospodárska fakulta EU. Katedra poisťovníctva